Residence Halls of UW Madison Quiz Stats

 Plays Quiz not verified by Sporcle

Challenge
Share
Tweet
Embed
Score 0/17 Timer 06:00
0 Plays Today
Residence Hall % Correct
Witte Hall
98.3%
Ogg Hall
97.2%
Sellery Hall
96.1%
Elizabeth Waters Hall
90.6%
Smith Hall
87.8%
Chadbourne Hall
86.7%
Kronshage Hall
79.4%
Adams Hall
71.1%
Tripp Hall
71.1%
Residence Hall % Correct
Cole Hall
64.4%
Slichter Hall
61.1%
Sullivan Hall
57.8%
Bradley Hall
57.2%
Barnard Hall
54.4%
Merit House
52.2%
Friedrick Hall
45%
Susan B. Davis House
38.3%

You're not logged in!

Compare scores with friends on all Sporcle quizzes.
OR
Log In

You Might Also Like...

Show Comments

Extras

Top Quizzes Today


Score Distribution

Your Account Isn't Verified!

In order to create a playlist on Sporcle, you need to verify the email address you used during registration. Go to your Sporcle Settings to finish the process.

Report this User

Report this user for behavior that violates our Community Guidelines.

Details: